La Ciencia Política en las Ciencias Sociales = Political Sciences in the Social Sciences /

Se expone el proceso histórico de la Ciencia Política desde que su concepción en una disciplina autónoma vinculada a las ciencias sociales, señalando el campo de trabajo de la misma y el objeto de estudio. Se realiza además un recorrido por las etapas de evaluación que la disciplina ha tenido a lo l...

Ausführliche Beschreibung

Gespeichert in:
Bibliographische Detailangaben
1. Verfasser: Vanegas Avilés, Luz Marina
Format: Text
Schlagworte:
Tags: Tag hinzufügen
Keine Tags, Fügen Sie den ersten Tag hinzu!

MARC

LEADER 00000 a a2200000 04500
001 41114
003
040
100 |a Vanegas Avilés, Luz Marina  
245 |a La Ciencia Política en las Ciencias Sociales =   |b Political Sciences in the Social Sciences /  |c Luz Marina Vanegas Avilés  
520 |a Se expone el proceso histórico de la Ciencia Política desde que su concepción en una disciplina autónoma vinculada a las ciencias sociales, señalando el campo de trabajo de la misma y el objeto de estudio. Se realiza además un recorrido por las etapas de evaluación que la disciplina ha tenido a lo largo del tiempo; citando además el vínculo que la misma ha tenido con otras áreas de las ciencias sociales. Se finaliza señalando los principales enfoques de la ciencia política y el papel que la misma funde actualmente en Costa Rica.  
590 |a KSR/JULIO2012  
650 |a CIENCIAS POLITICAS  
650 |a CIENCIAS SOCIALES  
650 |a DISCIPLINA  
650 |a ANALISIS HISTORICO  
650 |a COSTA RICA  
773 |g volumen89, número1 (2010), páginas 179-183  
999 |c 21287  |d 21287